Microcosmos : (Record no. 23091)

000 -CABECERA
fixed length control field 01234nam a22002897i 4500
003 - IDENTIFICADOR DEL NÚMERO DE CONTROL
control field AR-CdUCM
008 - DATOS DE LONGITUD FIJA--INFORMACIÓN GENERAL
fixed length control field 241025b20122012 pe||||| |||| 00| 0 spa d
040 ## - FUENTE DE LA CATALOGACIÓN
Agencia/entidad que catalogó originalmente la obra MUNICIPALIDAD PROVINCIAL DEL CUSCO
Entidad que transcribió la catalogación BIBLIOTECA MUNICIPAL DEL CUSCO
082 ## - NÚMERO DE LA CLASIFICACIÓN DECIMAL DEWEY
No. de Clasificación 277.081 / G31
Notacion interna G31
100 ## - ENTRADA PRINCIPAL--NOMBRE DE PERSONA
Nombre Personal Gavazzi, Adine
245 ## - MENCIÓN DE TÍTULO
Título Microcosmos :
Resto del título Visión andina en los espacios prehispánicos /
260 ## - PUBLICACIÓN, DISTRIBUCIÓN, ETC.
Lugar de publicación, distribución, etc. Lima :
Nombre de la editorial, distribuidor, etc. Apus Graph Ediciones SAC.
Fecha de publicación, distribución, etc. 2012
300 ## - DESCRIPCIÓN FÍSICA
Nº de Páginas Extensión 199 páginas. :
Dimensiones 35 cm.
500 ## - NOTA GENERAL
Bibliografía Bibliografía: páginas 183-187
505 ## - NOTA DE CONTENIDO CON FORMATO
Nota de contenido formateada Cosmovisiones y cosmologías prehispánicas -- Modelos: expresiones simbólicas de lugares reales -- La mirada simbólica temprana -- La construcción ritualizada Recuay -- Los modelos cosmológicos Moche -- Los espacios visionarios Paracas y Nazca -- La codificación de un imaginario en la costa tardía -- La sierra tardía y el universo expresivo Inca
650 ## - PUNTO DE ACCESO ADICIONAL DE MATERIA--TÉRMINO DE MATERIA
Descriptor Civilización
9 (RLIN) 1048
650 ## - PUNTO DE ACCESO ADICIONAL DE MATERIA--TÉRMINO DE MATERIA
Descriptor Cultura
9 (RLIN) 126
650 ## - PUNTO DE ACCESO ADICIONAL DE MATERIA--TÉRMINO DE MATERIA
Descriptor Naturaleza
9 (RLIN) 4241
650 ## - PUNTO DE ACCESO ADICIONAL DE MATERIA--TÉRMINO DE MATERIA
Descriptor Paracas
9 (RLIN) 50711
650 ## - PUNTO DE ACCESO ADICIONAL DE MATERIA--TÉRMINO DE MATERIA
Descriptor Nazca
9 (RLIN) 50712
650 ## - PUNTO DE ACCESO ADICIONAL DE MATERIA--TÉRMINO DE MATERIA
Descriptor Moche
9 (RLIN) 13089
650 ## - PUNTO DE ACCESO ADICIONAL DE MATERIA--TÉRMINO DE MATERIA
Descriptor Cosmovisión
9 (RLIN) 50713
650 ## - PUNTO DE ACCESO ADICIONAL DE MATERIA--TÉRMINO DE MATERIA
Descriptor Cosmología
9 (RLIN) 13090
650 ## - PUNTO DE ACCESO ADICIONAL DE MATERIA--TÉRMINO DE MATERIA
Descriptor Rituales
9 (RLIN) 6673
942 ## - ELEMENTOS DE PUNTO DE ACCESO ADICIONAL (KOHA)
Fuente de clasificación
Tipo de item Libros-BMC
945 ## - PROCESAMIENTO DE INFORMACIÓN LOCAL (OCLC)
Catalogador pbj
AAAA-MM-DD - Fecha de ingreso o modificacion 25-10-2024
Holdings
Estado de retiro (separado) Fuente de clasificación o esquema de estanterías Estado dañado Ubicación Sala donde se ubica Nombre de la colección Fecha de adquisición o compra Fuente de adquisición Costo, precio normal en soles Signatura topográfica Código de Barras Última vez visto (Koha) Tipo de ítem (Koha)
No     Sala Humanidades Sala Humanidades Book Cart 2024-10-25 Donación 60.00 277.081 / G31 SH0000016822 2024-10-25 Libros-BMC

Powered by Koha